000 00639nam a2200169 a 4500
001 000035905
005 20200930074716.0
008 111115s2008 dr 000 0 spa d
040 _aDO-SdBNP
_bspa
_cBNPHU
082 _axxxx
_bR426l
110 1 _aRepública Dominicana.
_b[ Leyes etc.]
_911088
245 1 0 _aLey no. 92-05 :
_bCódigo de ética de los bionalistas.
260 _aSanto Domingo :
_bCODOBIO,
_c2008.
300 _a19 P. ;
_c21 cm.
500 _aEste reglamento se ha realizado de acuerdo con las disposiciones de la ley 92-05 que crea el Colegio Dominicano de Bioanalistas
710 2 _aColegio Dominicano de Bioanalistas
_961907
999 _c35396
_d35396